000 01423namaa22003251i 4500
005 20260308131403.0
008 260118s1994 ua a|||frm||| 000 0 eng d
040 _aEG-GICUC
_beng
_cEG-GICUC
_dEG-GICUC
_erda
041 0 _aeng
_beng
_bara
049 _aDeposit
097 _aM.Sc
099 _aCai01.11.15.M.Sc.1995.Ha.M
100 0 _aHamdy El-Sayed Samy Azab,
_epreparation.
245 1 0 _aModern trends in management of female urinary stress incontinence /
_cBy Hamdy El-Sayed Samy Azab ; Supervised Prof. Dr. Mahmoud Faezy El-Menawi, Prof.Dr. Sherif Derbala Ali, Dr. Mohammed Hany Shehata.
246 1 5 _aطرق العلاج الحديثة لسلس البول الاضطرارى عند النساء
264 0 _c1995
300 _a120 Leaves :
_billustrations ;
_c30 cm. +
336 _2rda content
_atext
337 _2rdamedia
_aUnmediated
338 _2rdacarrier
_avolume
502 _a Thesis (M.Sc.)-Cairo University, 1995
504 _aBibliography: pages 99-120
653 0 _aurinary stress in continence
700 0 _a Mahmoud Faezy El-Menawi
_ethesis advisor.
700 0 _aSherif Derbala Ali
_ethesis advisor.
700 0 _aMohammed Hany Shehata
_ethesis advisor.
900 _DDepartment of Obstetrics and Gynecology
_FFaculty of Medicine
_UCairo University
_b1995
_cMahmoud Faezy El-Menawi
_cSherif Derbala Ali
_cMohammed Hany Shehata
905 _aNagat
_eNourhan
942 _2ddc
_cTH
_e21
_n0
999 _c177816